| 000 | 00573nam a2200157 i 4500 | ||
|---|---|---|---|
| 001 | 34724 | ||
| 003 | ES-MaACL | ||
| 007 | t| | ||
| 008 | 030207s1973 mx ||||1| spa d | ||
| 100 | 1 |
_aBoase, Leonard. _929637 |
|
| 245 | 1 | 0 |
_aNuestra herencia católica _b: tradicción, historia y doctrina de la Iglesia / _cpor Leonard Boase ; traducida y adaptada por José González Brown. |
| 260 |
_aMéxico, etc. : _bLa Prensa Católica, _c[1973] |
||
| 300 |
_a3 v., 27 lám. : _bil. ; _c24 cm. |
||
| 700 | 1 |
_aGonzález Brown, José. _958471 |
|
| 852 |
_aES-MaACL _jE-5291-3 _bR.89511 |
||
| 999 |
_c34724 _d34724 |
||